00594 2200229 4500001002100000005001500021035002000036007000300056008004100059020002200100082001000122084001600132100002000148245003500168250001100203260003800214300003900252650002100291504003100312990001100343990001000354INLIS00000000000146920180207031358 a0010-0218000064ta180207 g 0 ind  a978-979-002-553-0 a635.6 a635.6 NUR t0 aNURUL, Hidayati1 aTomat Unggul /cNurul Hidayati acet. 2 aJakarta :bPenebar Swadaya,c2013 aiv, 108 hlm :b.ilus ;c15 x 23 cm aPERKEBUNAN TOMAT aBibliografi; Hlm 105 - 106 a5889 A a5889A